Responses for Show #8212 - Tuesday, April 28, 2020

Sarah Jett Rayburn game 3.

Contestants

[<< previous game]

Mina Le, an ear, nose and throat surgeon from Montclair, New Jersey

Alison Nelson, an elementary school teacher from Oak Park, Illinois

Sarah Jett Rayburn, a writer and stay-at-home mom from Hutto, Texas (whose 2-day cash winnings total $39,400)

[next game >>]

Jeopardy! Round responses

WHAT'S MY AIRLINE?
A LANDMARK ADDRESS
SNOPES SAYS NOPE
(Alex: There are a lot of urban legends and tall stories that are going to be debunked by the fact-checking website Snopes.com.)
BODY PART AKAs
SILENT "C"
MLB SINGLE-SEASON RECORDS
(Alex: Only going back to 1900.)
    $200 19
(Mina: What is Australian Airlines?)

Qantas

SarahMina
    $200 6
the Space Needle

Mina
    $200 16
(Alison: What is the Space Shuttle?)
(Mina: What is the Moon?)

the International Space Station

SarahAlisonMina
    $200 7
the uterus

Mina
    $200 1
(Sarah: What are follicles?)

muscles

Sarah
Triple Stumper
    $200 26
stolen bases

Mina
    $400 22
Branson

Mina
    $400 12
Independence Hall

Mina
    $400 17
camels

Sarah
    $400 8
larynx

Alison
    $400 2
yacht

Sarah
    $400 27
strikeouts

Mina
    $2,000 23
(Mina: What is Deutsche Airlines?)
...
(Alex: We have less than a minute.)

Lufthansa

Mina
    $600 13
(Mina: What is the Kentucky Derby?)

Churchill Downs

Mina
Triple Stumper
    $600 18
Notre Dame Cathedral

Alison
    $600 9
the wrist

Mina
    $600 3
czarina

Sarah
    $600 28
(Alison: What's a batting average?)
[The end-of-round signal sounds.]

ERA (earned run average)

Alison
Triple Stumper
    $800 24
Howard Hughes

Sarah
    $800 14
(Alex: Can't think of it, Alison?)

Quincy

Triple Stumper
    $800 20
Taco Bell

Sarah
    $800 10
eardrum

Alison
    $800 4
a conscience

Mina
    $1000 25
Aer Lingus

Sarah
    $1000 15
the Battle of the O.K. Corral

Triple Stumper
    $1000 21
Nancy Pelosi

Alison
    $1000 11
the thumb

Mina
    $1000 5
indict(ment)

Alison

Scores at the first commercial break (after clue 15):

Sarah Alison Mina
$800 $2,200 $2,600

Scores at the end of the Jeopardy! Round:

Sarah Alison Mina
$4,200 $3,000 $1,200

Double Jeopardy! Round responses

BARACK OBAMA'S READING LIST
HOW NOW, DOUBLE VOWEL
RELIGIOUS "ISM"s
DJ, JAZZY
JEFF
THE FRENCH PRINCE
    $400 12
Where the Wild Things Are

Alison
    $400 6
to sweep

Mina
    $400 1
baptism

Alison
    $400 11
cat

Alison
    $400 26
Jeff Foxworthy

Sarah
    $400 17
the Hundred Years' War

Sarah
    $800 13
(Mina: Who is Dwight D. Eisenhower?)

General Grant

Mina
Triple Stumper
    $800 7
uproot

Mina
    $600 2
(Alison: [Sighs] What... uhh. I don't know; I'm sorry.)

Rastafarianism

Alison
    $800 22
(Sarah: What is easy listening?)

smooth jazz

SarahAlison
    $800 18
regent

Alison
    $1200 14
Adam Smith

Mina
    $1200 8
taxiing

Mina
    $1200 3
(Sarah: What is Restorationism?)

Fundamentalism

SarahAlison
    $1200 23
(Alex: Less than a minute now.)

Monterey

Alison
    $1200 19
(Sarah: What is the XIV?)
(Alison: What is the XVIII?)

XV

SarahAlison
Triple Stumper
    $1600 15
Gilded

Mina
    $1600 9
Afrikaans

Alison
    $1600 4
(Alison: What is Hinduism?)

Shintoism

AlisonMina
    $1600 24
the Swing Era

Mina
    $1600 28
[The end-of-round signal sounds.]

the Bulge

Mina
    $600 20
(Alison: That was a wild guess.)

Bourbon

Alison
    $2000 16
David Eggers

Sarah
    $2000 10
threescore

Sarah
    $2000 5
Hassidism

Triple Stumper
    $2000 25
Count Basie

Alison
    $2000 27
Katzenberg

Alison
    $2000 21
dauphin

Sarah

Scores at the end of the Double Jeopardy! Round:

Sarah Alison Mina
$7,800 $11,000 $10,400

[wagering suggestions for these scores]

Final Jeopardy! Round responses

1950s FILMS
(Alex: Sarah, you started writing late...)
(Sarah: I'm really worried because the pen wouldn't write the "A". So...)
(Alex: Looks okay to me; that's acceptable...)
SarahWhat is The Ten Commandments
$7,700
MinaWhat is Ben-Hur?
$10,400
AlisonWhat is The Grapes of Wrat
$10,000
The Ten Commandments

Final scores:

Sarah Alison Mina
$15,500 $1,000 $0
3-day champion: $54,900 2nd place: $2,000 3rd place: $1,000

Game dynamics:

Coryat scores:

Sarah Alison Mina
$7,800 $12,600 $12,400
13 R,
4 W
16 R
(including 1 DD),
5 W
(including 1 DD)
17 R,
5 W
(including 1 DD)

Combined Coryat: $32,800

[game clues] [game scores] [suggest correction]

Game tape date: 2020-02-19
The J! Archive is created by fans, for fans. Scraping, republication, monetization, and malicious use prohibited; this site may use cookies and collect identifying information. See terms. The Jeopardy! game show and all elements thereof, including but not limited to copyright and trademark thereto, are the property of Jeopardy Productions, Inc. and are protected under law. This website is not affiliated with, sponsored by, or operated by Jeopardy Productions, Inc. Join the discussion at JBoard.tv.